Irrigation and irrigation projects in India: (Record no. 160759)

MARC details
000 -LEADER
fixed length control field 00702nam a22001937a 4500
005 - DATE AND TIME OF LATEST TRANSACTION
control field 20190214123526.0
010 ## - LCCN (DPL NO)
LC control number ENG-124795
020 ## - INTERNATIONAL STANDARD BOOK NUMBER
International Standard Book Number 9789383635993
Terms of availability 195.00
035 ## - SYSTEM CONTROL NUMBER
System control number EN-108327
037 ## - SOURCE OF ACQUISITION
Source of stock number/acquisition DBAD/PUB
082 ## - DEWEY DECIMAL CLASSIFICATION NUMBER
Classification number 354.367095485
100 ## - MAIN ENTRY--PERSONAL NAME
Personal name Reddy S. Jeevananda
245 ## - TITLE STATEMENT
Title Irrigation and irrigation projects in India:
Remainder of title tribunals, disputes and water perspective/
Statement of responsibility, etc by S.Jeevananda Reddy
260 ## - PUBLICATION, DISTRIBUTION, ETC. (IMPRINT)
Place of publication, distribution, etc Hyderabad
Name of publisher, distributor, etc BS Publications
Date of publication, distribution, etc 2016
270 ## - ADDRESS
Address 4-4-309/316, Giriraj Lane, Sultan Bazar
City Hyderabad
Postal code 500095
Telephone number 040-23445605, 23445688
Electronic mail address info@bspbooks.net
300 ## - PHYSICAL DESCRIPTION
Extent xiii,132p.
Dimensions 24cm(pbk)
500 ## - GENERAL NOTE
General note includes references
942 ## - ADDED ENTRY ELEMENTS (KOHA)
Source of classification or shelving scheme Dewey Decimal Classification
Item type English Books
Classification part 354.367095485
Call number suffix RED
Holdings
Withdrawn status Lost status Not for loan Collection code Home library Current library Date acquired Source of acquisition Cost, normal purchase price Full call number Barcode Copy number Cost, replacement price Koha item type
      Non-fiction Sarojini Nagar Sarojini Nagar 09/02/2019 DBAD/PUB 195.00 354.367095485 RED EN-108327 1 195.00 English Books

© Delhi Public Library
Hit Counter
free hit counter